มุมมองปกติ
มุมมองแบบ MARC
- นโยบายการคลัง
รายการ Topical Term
001 - CONTROL NUMBER
- control field: 11805
003 - CONTROL NUMBER IDENTIFIER
- control field: NALT
005 - DATE AND TIME OF LATEST TRANSACTION
- control field: 20210122124336.0
008 - FIXED-LENGTH DATA ELEMENTS
- fixed length control field: 170807|| aca||aabn | a|a d
040 ## - CATALOGING SOURCE
- Original cataloging agency: NALT
- Transcribing agency: NALT
150 #4 - HEADING--TOPICAL TERM
- Topical term or geographic name entry element: นโยบายการคลัง
670 ## - SOURCE DATA FOUND
- Source citation: Work cat.: (NALT)33515: กระทรวงการคลัง 11804, แผนปฏิบัติงานกระทรวงการคลัง ตามนโยบายการเงิน การคลัง ประจำปีงบประมาณ 2533, 2533
